000 00279nam a22001337a 4500
008 170630b xxu||||| |||| 00| 0 eng d
020 _a2900205655150
041 _aeng
080 _26TH
_a82
100 _a22
101 _aGJL
245 _aPOETRY
_cGWYNN,R.S
942 _2udc
_cBK
999 _c19753
_d19753